A History of American Art / (Record no. 615461)

000 -LEADER
fixed length control field 00406nam a22001457a 4500
020 ## - INTERNATIONAL STANDARD BOOK NUMBER
Qualifying information HB.
040 ## - CATALOGING SOURCE
Transcribing agency FIZZA ISHAQ
082 ## - DEWEY DECIMAL CLASSIFICATION NUMBER
Classification number 709.73
Author Mark DAN
100 ## - MAIN ENTRY--PERSONAL NAME
Personal name Mendelowitz, Daniel M.
9 (RLIN) 132202
245 ## - TITLE STATEMENT
Title A History of American Art /
Statement of responsibility, etc. Daniel M. Mendelowitz.
250 ## - EDITION STATEMENT
Edition statement 2ND ED.
260 ## - PUBLICATION, DISTRIBUTION, ETC.
Place of publication, distribution, etc. NEW YORK:
Name of publisher, distributor, etc. Holt Rinehart & Winston,
Date of publication, distribution, etc. 1970.
300 ## - PHYSICAL DESCRIPTION
Extent 522 P. ;
Dimensions 8 x 1 x 10.25 inches
942 ## - ADDED ENTRY ELEMENTS (KOHA)
Source of classification or shelving scheme
Koha item type Book
Holdings
Withdrawn status Lost status Source of classification or shelving scheme Damaged status Not for loan Permanent Location Current Location Shelving location Date acquired Total Checkouts Full call number Barcode Date last seen Price effective from Koha item type
          NUST Baluchistan Campus (NBC) NUST Baluchistan Campus (NBC) General Stacks 12/04/2025   709.73 DAN QD-331 12/04/2025 12/04/2025 Book
© 2023 Central Library, National University of Sciences and Technology. All Rights Reserved.